| 000 | 01007nam a22002775a 4500 | ||
|---|---|---|---|
| 003 | OSt | ||
| 005 | 20161215143539.0 | ||
| 008 | 161215s2007 ua frb 000 0 ara d | ||
| 015 | _a2007/20209 | ||
| 016 | _a9770453307 | ||
| 040 |
_aEG-ScBUE _bara _cEG-ScBUE |
||
| 043 | _ae------ | ||
| 082 | 0 | 4 |
_a341.2422 _bع م ر _222 |
| 100 | 1 | _aعمر، أبو الخير أحمد عطية. | |
| 245 | 1 | 2 |
_aالنظام المؤسسي للاتحاد الأوربي / _cأبو الخير أحمد عطية عمر. |
| 246 | 3 | _aالنظام المؤسسي للاتحاد الأوروبي | |
| 250 | _aط. 1. | ||
| 260 |
_aالقاهرة : _bدار النهضة العربية، _c2007. |
||
| 300 |
_a225 ص. ؛ _c24 سم. |
||
| 504 | _aيشتمل على إرجاعات ببليوجرافية. | ||
| 610 | 2 | 7 |
_aالاتحاد الأوروبي. _2BUEsh |
| 650 | 7 |
_aالمنظمات الدولية الإقليمية _zأوروبا. _2BUEsh |
|
| 651 | _2BUEsh | ||
| 653 |
_bLLAAWW _cDecember2016 |
||
| 942 | _2ddc | ||
| 999 |
_c23588 _d23560 |
||